[Event "DVM U20w 2020"]
[Site "Willingen GER"]
[Date "2021.06.27"]
[Round "7"]
[White "Bräutigam, Katerina"]
[Black "Arnhold, Steffi"]
[Result "0-1"]
[Termination "normal"]
[Board "3.1"]
[WhiteElo "1718"]
[BlackElo "2031"]
[WhiteClock "00:10:20"]
[BlackClock "00:08:16"]
[WhiteTeam "Elmshorner SC von 1896"]
[BlackTeam "SC Bavaria Regensburg von 1881 e.V."]
[PlyCount "126"]
[WhiteFideId "16242980"]
[BlackFideId "12931365"]
[EventCountry "GER"]
[EventRounds "7"]
[EventType "team-swiss"]
[EventDate "2021.06.23"]

1. e4 {[%emt 00:00:02]} 1... c5 {[%clk 01:30:49]  [%emt 00:00:11]} 2. Nf3 {
[%clk 01:31:23]  [%emt 00:00:06]} 2... e6 {[%clk 01:31:02]  [%emt 00:00:17]} 3.
d4 {[%clk 01:31:45]  [%emt 00:00:08]} 3... cxd4 { [%clk 01:31:21]  [%emt
00:00:11]} 4. Nxd4 {[%clk 01:32:06]  [%emt 00:00:08]} 4... a6 {[%clk 01:31:39] 
[%emt 00:00:13]} 5. c4 { [%clk 01:32:25]  [%emt 00:00:10]} 5... Qc7 {[%clk
01:31:31]  [%emt 00:00:38]} 6. Bd3 {[%clk 01:32:41]  [%emt 00:00:15]} 6... Nc6
{ [%clk 01:31:41]  [%emt 00:00:20]} 7. Be3 {[%clk 01:30:37]  [%emt 00:02:33]}
7... Nf6 {[%clk 01:30:28]  [%emt 00:01:44]} 8. Nc3 { [%clk 01:29:51]  [%emt
00:01:16]} 8... d6 {[%clk 01:30:05]  [%emt 00:00:54]} 9. O-O {[%clk 01:29:43] 
[%emt 00:00:37]} 9... Be7 { [%clk 01:29:49]  [%emt 00:00:46]} 10. Qe2 {[%clk
01:29:02]  [%emt 00:01:10]} 10... O-O {[%clk 01:28:37]  [%emt 00:01:43]} 11. f4
{ [%clk 01:28:26]  [%emt 00:01:06]} 11... Rd8 {[%clk 01:18:49]  [%emt
00:10:19]} 12. Rae1 {[%clk 01:26:11]  [%emt 00:02:43]} 12... b6 { [%clk
01:08:06]  [%emt 00:11:15]} 13. Nxc6 {[%clk 01:13:41]  [%emt 00:12:59]} 13...
Qxc6 {[%clk 01:07:28]  [%emt 00:01:08]} 14. e5 { [%clk 01:13:40]  [%emt
00:00:30]} 14... Ne8 {[%clk 01:04:08]  [%emt 00:03:51]} 15. Be4 {[%clk
01:02:20]  [%emt 00:11:50]} 15... d5 { [%clk 01:04:19]  [%emt 00:00:19]} 16.
cxd5 {[%clk 01:01:51]  [%emt 00:01:00]} 16... exd5 {[%clk 01:04:32]  [%emt
00:00:17]} 17. Nxd5 { [%clk 01:00:28]  [%emt 00:01:52]} 17... Rxd5 {[%clk
01:04:55]  [%emt 00:00:07]} 18. Rd1 {[%clk 00:59:40]  [%emt 00:01:18]} 18...
Nc7 { [%clk 01:04:12]  [%emt 00:01:13]} 19. Rc1 {[%clk 00:59:35]  [%emt
00:00:34]} 19... Bc5 {[%clk 01:01:44]  [%emt 00:02:59]} 20. b4 { [%clk
00:59:04]  [%emt 00:01:01]} 20... Bxe3+ {[%clk 00:57:36]  [%emt 00:04:38] } 21.
Qxe3 {[%clk 00:59:18]  [%emt 00:00:15]} 21... Qd7 { [%clk 00:56:14]  [%emt
00:01:53]} 22. Rxc7 {[%clk 00:59:11]  [%emt 00:00:37]} 22... Qxc7 {[%clk
00:56:30]  [%emt 00:00:14]} 23. Bxd5 { [%clk 00:59:28]  [%emt 00:00:13]} 23...
Bb7 {[%clk 00:55:57]  [%emt 00:01:03]} 24. Rc1 {[%clk 00:55:57]  [%emt
00:04:01]} 24... Qe7 { [%clk 00:54:57]  [%emt 00:01:31]} 25. Bxb7 {[%clk
00:54:54]  [%emt 00:01:32]} 25... Qxb7 {[%clk 00:55:21]  [%emt 00:00:06]} 26.
Qc3 { [%clk 00:54:34]  [%emt 00:00:49]} 26... Rd8 {[%clk 00:50:57]  [%emt
00:04:55]} 27. Qc6 {[%clk 00:51:07]  [%emt 00:03:56]} 27... Qb8 { [%clk
00:37:46]  [%emt 00:13:42]} 28. Kf2 {[%clk 00:35:55]  [%emt 00:15:42]} 28... h6
{[%clk 00:35:22]  [%emt 00:02:54]} 29. Ke3 { [%clk 00:29:56]  [%emt 00:06:28]}
29... Kh7 {[%clk 00:28:21]  [%emt 00:07:31]} 30. g3 {[%clk 00:10:58]  [%emt
00:19:30]} 30... Kg8 { [%clk 00:13:14]  [%emt 00:15:36]} 31. Qc7 {[%clk
00:09:22]  [%emt 00:02:06]} 31... Qa8 {[%clk 00:13:20]  [%emt 00:00:24]} 32.
Qc6 { [%clk 00:08:21]  [%emt 00:01:31]} 32... Qb8 {[%clk 00:13:44]  [%emt
00:00:06]} 33. Qc7 {[%clk 00:08:05]  [%emt 00:00:46]} 33... Qa8 { [%clk
00:13:58]  [%emt 00:00:16]} 34. Rc6 {[%clk 00:08:22]  [%emt 00:00:13]} 34... b5
{[%clk 00:13:20]  [%emt 00:01:09]} 35. f5 { [%clk 00:06:29]  [%emt 00:02:22]}
35... Re8 {[%clk 00:09:51]  [%emt 00:03:59]} 36. Kf2 {[%clk 00:05:53]  [%emt
00:01:05]} 36... Kh8 { [%clk 00:06:26]  [%emt 00:03:57]} 37. f6 {[%clk
00:04:14]  [%emt 00:02:09]} 37... Rxe5 {[%clk 00:02:15]  [%emt 00:04:42]} 38.
fxg7+ { [%clk 00:03:33]  [%emt 00:01:10]} 38... Kg8 {[%clk 00:02:42]  [%emt
00:00:04]} 39. Qc8+ {[%clk 00:00:47]  [%emt 00:03:15]} 39... Qxc8 { [%clk
00:03:02]  [%emt 00:00:11]} 40. Rxc8+ {[%clk 00:01:12]  [%emt 00:00:04]} 40...
Kxg7 {[%clk 00:03:26]  [%emt 00:00:07]} 41. Rc6 { [%clk 00:01:26]  [%emt
00:00:16]} 41... a5 {[%clk 00:27:14]  [%emt 00:06:43]} 42. Rc5 {[%clk 00:26:32]
 [%emt 00:05:22]} 42... Rxc5 { [%clk 00:27:06]  [%emt 00:00:39]} 43. bxc5
{[%clk 00:26:55]  [%emt 00:00:07]} 43... Kf6 {[%clk 00:27:31]  [%emt 00:00:03]}
44. c6 { [%clk 00:23:37]  [%emt 00:03:49]} 44... Ke6 {[%clk 00:27:53]  [%emt
00:00:09]} 45. c7 {[%clk 00:19:55]  [%emt 00:04:12]} 45... Kd7 { [%clk
00:28:17]  [%emt 00:00:05]} 46. Ke3 {[%clk 00:19:42]  [%emt 00:00:42]} 46...
Kxc7 {[%clk 00:28:37]  [%emt 00:00:11]} 47. g4 { [%clk 00:19:47]  [%emt
00:00:24]} 47... Kd6 {[%clk 00:19:26]  [%emt 00:09:41]} 48. Kd4 {[%clk
00:19:42]  [%emt 00:00:36]} 48... f6 { [%clk 00:18:37]  [%emt 00:01:21]} 49. h4
{[%clk 00:15:54]  [%emt 00:04:16]} 49... b4 {[%clk 00:13:00]  [%emt 00:06:07]}
50. Kc4 { [%clk 00:15:18]  [%emt 00:01:05]} 50... Kc6 {[%clk 00:13:20]  [%emt
00:00:11]} 51. h5 {[%clk 00:14:06]  [%emt 00:01:44]} 51... Kb6 { [%clk
00:13:37]  [%emt 00:00:11]} 52. Kd5 {[%clk 00:13:13]  [%emt 00:01:23]} 52... a4
{[%clk 00:13:51]  [%emt 00:00:16]} 53. Ke6 { [%clk 00:12:31]  [%emt 00:01:13]}
53... b3 {[%clk 00:14:15]  [%emt 00:00:05]} 54. axb3 {[%clk 00:12:43]  [%emt
00:00:18]} 54... axb3 { [%clk 00:13:56]  [%emt 00:00:49]} 55. Kxf6 {[%clk
00:13:05]  [%emt 00:00:08]} 55... b2 {[%clk 00:14:15]  [%emt 00:00:13]} 56. Kg6
{ [%clk 00:13:26]  [%emt 00:00:08]} 56... b1=Q+ {[%clk 00:14:23]  [%emt
00:00:23] } 57. Kxh6 {[%clk 00:13:49]  [%emt 00:00:05]} 57... Kc7 { [%clk
00:09:40]  [%emt 00:05:13]} 58. Kg7 {[%clk 00:12:50]  [%emt 00:01:28]} 58...
Qb2+ {[%clk 00:09:48]  [%emt 00:00:23]} 59. Kh7 { [%clk 00:11:18]  [%emt
00:02:03]} 59... Qc2+ {[%clk 00:10:02]  [%emt 00:00:15]} 60. Kg8 {[%clk
00:11:07]  [%emt 00:00:40]} 60... Qc4+ { [%clk 00:10:19]  [%emt 00:00:14]} 61.
Kh8 {[%clk 00:10:22]  [%emt 00:01:14]} 61... Qd4+ {[%clk 00:07:32]  [%emt
00:03:19]} 62. Kh7 { [%clk 00:09:59]  [%emt 00:00:52]} 62... Qxg4 {[%clk
00:07:50]  [%emt 00:00:10]} 63. h6 {[%clk 00:10:20]  [%emt 00:00:11]} 63... Qg5
{ [%clk 00:08:16]  [%emt 00:00:03]} 0-1

[Event "DVM U20w 2020"]
[Site "Willingen GER"]
[Date "2021.06.27"]
[Round "7"]
[White "Bardorz, Jana"]
[Black "Falke, Ornella"]
[Result "0-1"]
[Termination "normal"]
[Board "3.2"]
[WhiteElo "1939"]
[BlackElo "1566"]
[WhiteClock "00:20:31"]
[BlackClock "00:09:01"]
[WhiteTeam "SC Bavaria Regensburg von 1881 e.V."]
[BlackTeam "Elmshorner SC von 1896"]
[PlyCount "114"]
[WhiteFideId "16208897"]
[BlackFideId "16207092"]
[EventCountry "GER"]
[EventRounds "7"]
[EventType "team-swiss"]
[EventDate "2021.06.23"]

1. e4 {[%clk 01:30:57]  [%emt 00:00:03]} 1... e5 { [%clk 01:30:53]  [%emt
00:00:08]} 2. Nf3 {[%clk 01:31:21]  [%emt 00:00:06]} 2... Nc6 {[%clk 01:31:12] 
[%emt 00:00:11]} 3. Bc4 { [%clk 01:30:56]  [%emt 00:00:55]} 3... Bc5 {[%clk
01:31:31]  [%emt 00:00:10]} 4. c3 {[%clk 01:31:04]  [%emt 00:00:22]} 4... Nf6 {
[%clk 01:31:54]  [%emt 00:00:08]} 5. d3 {[%clk 01:31:16]  [%emt 00:00:17]} 5...
d6 {[%clk 01:32:05]  [%emt 00:00:20]} 6. Nbd2 {[%clk 01:30:40]  [%emt 00:01:06]
} 6... a6 {[%clk 01:32:12]  [%emt 00:00:22]} 7. Bb3 { [%clk 01:30:50]  [%emt
00:00:21]} 7... Ba7 {[%clk 01:32:18]  [%emt 00:00:24]} 8. O-O {[%clk 01:26:43] 
[%emt 00:04:37]} 8... h6 { [%clk 01:32:31]  [%emt 00:00:17]} 9. Re1 {[%clk
01:26:34]  [%emt 00:00:39]} 9... g5 {[%clk 01:32:13]  [%emt 00:00:49]} 10. Nf1
{ [%clk 01:23:52]  [%emt 00:03:11]} 10... g4 {[%clk 01:32:09]  [%emt 00:00:33]}
11. N3d2 {[%clk 01:23:23]  [%emt 00:00:59]} 11... h5 { [%clk 01:27:31]  [%emt
00:05:08]} 12. Nc4 {[%clk 01:21:21]  [%emt 00:02:33]} 12... Rg8 {[%clk
01:10:46]  [%emt 00:17:15]} 13. Be3 { [%clk 01:19:03]  [%emt 00:02:47]} 13...
Bxe3 {[%clk 01:05:58]  [%emt 00:05:19]} 14. Ncxe3 {[%clk 01:19:16]  [%emt
00:00:17]} 14... Ne7 { [%clk 01:02:32]  [%emt 00:03:56]} 15. d4 {[%clk
01:11:04]  [%emt 00:08:42]} 15... Ng6 {[%clk 00:56:47]  [%emt 00:06:14]} 16.
Ng3 { [%clk 01:07:02]  [%emt 00:04:33]} 16... Be6 {[%clk 00:46:01]  [%emt
00:11:17]} 17. Ba4+ {[%clk 00:55:04]  [%emt 00:12:28]} 17... Kf8 { [%clk
00:32:43]  [%emt 00:13:46]} 18. Bc2 {[%clk 00:46:51]  [%emt 00:08:43]} 18...
Nh7 {[%clk 00:32:19]  [%emt 00:00:54]} 19. Ngf5 { [%clk 00:36:03]  [%emt
00:11:19]} 19... Qg5 {[%clk 00:31:37]  [%emt 00:01:12]} 20. Nd5 {[%clk
00:33:21]  [%emt 00:03:12]} 20... Rc8 { [%clk 00:22:25]  [%emt 00:09:42]} 21.
Qc1 {[%clk 00:31:44]  [%emt 00:02:07]} 21... Nf4 {[%clk 00:21:20]  [%emt
00:01:35]} 22. Nxf4 { [%clk 00:28:12]  [%emt 00:04:02]} 22... exf4 {[%clk
00:21:32]  [%emt 00:00:18]} 23. g3 {[%clk 00:26:26]  [%emt 00:02:17]} 23... f3
{ [%clk 00:20:53]  [%emt 00:01:09]} 24. Qxg5 {[%clk 00:25:40]  [%emt 00:01:15]}
24... Nxg5 {[%clk 00:21:17]  [%emt 00:00:06]} 25. Bd3 { [%clk 00:21:48]  [%emt
00:04:22]} 25... Re8 {[%clk 00:19:18]  [%emt 00:02:29]} 26. e5 {[%clk 00:20:39]
 [%emt 00:01:39]} 26... dxe5 { [%clk 00:18:09]  [%emt 00:01:40]} 27. Rxe5
{[%clk 00:20:37]  [%emt 00:00:31]} 27... f6 {[%clk 00:15:08]  [%emt 00:03:31]}
28. Re3 { [%clk 00:20:34]  [%emt 00:00:34]} 28... Bxf5 {[%clk 00:09:58]  [%emt
00:05:41]} 29. Rxe8+ {[%clk 00:20:40]  [%emt 00:00:24]} 29... Kxe8 { [%clk
00:10:24]  [%emt 00:00:04]} 30. Bxf5 {[%clk 00:20:50]  [%emt 00:00:20]} 30...
Kf7 {[%clk 00:09:05]  [%emt 00:01:48]} 31. Re1 { [%clk 00:17:46]  [%emt
00:03:35]} 31... Rd8 {[%clk 00:09:20]  [%emt 00:00:14]} 32. h4 {[%clk 00:16:42]
 [%emt 00:01:34]} 32... gxh3 { [%clk 00:09:39]  [%emt 00:00:12]} 33. Kh2 {[%clk
00:14:13]  [%emt 00:02:59]} 33... c5 {[%clk 00:10:00]  [%emt 00:00:09]} 34.
Bxh3 { [%clk 00:11:59]  [%emt 00:02:43]} 34... cxd4 {[%clk 00:10:07]  [%emt
00:00:24]} 35. Rd1 {[%clk 00:11:17]  [%emt 00:01:11]} 35... d3 { [%clk
00:09:08]  [%emt 00:01:30]} 36. Bf5 {[%clk 00:11:13]  [%emt 00:00:33]} 36... d2
{[%clk 00:09:22]  [%emt 00:00:16]} 37. g4 { [%clk 00:10:09]  [%emt 00:01:33]}
37... h4 {[%clk 00:09:26]  [%emt 00:00:27]} 38. c4 {[%clk 00:09:29]  [%emt
00:01:10]} 38... b6 { [%clk 00:09:16]  [%emt 00:00:39]} 39. b4 {[%clk 00:08:59]
 [%emt 00:01:01]} 39... Rd4 {[%clk 00:09:21]  [%emt 00:00:25]} 40. c5 { [%clk
00:07:11]  [%emt 00:02:18]} 40... bxc5 {[%clk 00:09:22]  [%emt 00:00:30]} 41.
bxc5 {[%clk 00:07:17]  [%emt 00:00:24]} 41... Ke7 { [%clk 00:05:09]  [%emt
00:04:41]} 42. Bc2 {[%clk 00:03:03]  [%emt 00:04:43]} 42... Rxg4 {[%clk
00:01:39]  [%emt 00:04:02]} 43. Rg1 { [%clk 00:28:46]  [%emt 00:04:48]} 43...
Rd4 {[%clk 00:29:43]  [%emt 00:02:26]} 44. Rb1 {[%clk 00:27:28]  [%emt
00:01:48]} 44... Rc4 { [%clk 00:21:16]  [%emt 00:08:55]} 45. Rb7+ {[%clk
00:24:12]  [%emt 00:03:46]} 45... Kd8 {[%clk 00:20:39]  [%emt 00:01:08]} 46.
Bb3 { [%clk 00:23:51]  [%emt 00:00:52]} 46... Rxc5 {[%clk 00:20:27]  [%emt
00:00:40]} 47. Rb6 {[%clk 00:23:53]  [%emt 00:00:28]} 47... Ne4 { [%clk
00:19:22]  [%emt 00:01:34]} 48. Re6 {[%clk 00:22:03]  [%emt 00:02:22]} 48...
Re5 {[%clk 00:18:23]  [%emt 00:01:26]} 49. Rxa6 { [%clk 00:21:40]  [%emt
00:00:54]} 49... Kc7 {[%clk 00:17:43]  [%emt 00:01:09]} 50. Bd1 {[%clk
00:20:25]  [%emt 00:01:45]} 50... Rf5 { [%clk 00:12:43]  [%emt 00:05:32]} 51.
Ra3 {[%clk 00:19:02]  [%emt 00:01:52]} 51... Nxf2 {[%clk 00:08:01]  [%emt
00:05:10]} 52. Rxf3 { [%clk 00:19:07]  [%emt 00:00:27]} 52... Rxf3 {[%clk
00:07:48]  [%emt 00:00:42]} 53. Bxf3 {[%clk 00:19:34]  [%emt 00:00:04]} 53...
d1=Q { [%clk 00:07:54]  [%emt 00:00:23]} 54. Bxd1 {[%clk 00:20:01]  [%emt
00:00:03]} 54... Nxd1 {[%clk 00:08:17]  [%emt 00:00:07]} 55. Kh3 { [%clk
00:20:28]  [%emt 00:00:02]} 55... Ne3 {[%clk 00:08:31]  [%emt 00:00:17]} 56.
Kxh4 {[%clk 00:20:52]  [%emt 00:00:06]} 56... Nd5 { [%clk 00:08:42]  [%emt
00:00:21]} 57. Kg4 {[%clk 00:20:31]  [%emt 00:00:50]} 57... Ne7 {[%clk
00:09:01]  [%emt 00:00:12]} 0-1

[Event "DVM U20w 2020"]
[Site "Willingen GER"]
[Date "2021.06.27"]
[Round "7"]
[White "Margaryan, Susanna"]
[Black "Oberhofer, Marie"]
[Result "0-1"]
[Termination "normal"]
[Board "3.3"]
[WhiteElo "1468"]
[BlackElo "1771"]
[WhiteClock "00:51:17"]
[BlackClock "00:12:05"]
[WhiteTeam "Elmshorner SC von 1896"]
[BlackTeam "SC Bavaria Regensburg von 1881 e.V."]
[PlyCount "86"]
[WhiteFideId "16268210"]
[BlackFideId "12938165"]
[EventCountry "GER"]
[EventRounds "7"]
[EventType "team-swiss"]
[EventDate "2021.06.23"]

1. d4 {[%clk 01:30:56]  [%emt 00:00:03]} 1... Nf6 { [%clk 01:30:55]  [%emt
00:00:05]} 2. c4 {[%clk 01:31:16]  [%emt 00:00:10]} 2... c5 {[%clk 01:31:21] 
[%emt 00:00:04]} 3. d5 {[%clk 01:31:28]  [%emt 00:00:18]} 3... e6 {[%clk
01:31:47]  [%emt 00:00:05]} 4. Nc3 { [%clk 01:31:39]  [%emt 00:00:19]} 4...
exd5 {[%clk 01:32:10]  [%emt 00:00:07]} 5. cxd5 {[%clk 01:32:03]  [%emt
00:00:06]} 5... d6 { [%clk 01:32:35]  [%emt 00:00:05]} 6. e4 {[%clk 01:31:51] 
[%emt 00:00:42]} 6... g6 {[%clk 01:32:59]  [%emt 00:00:06]} 7. f4 {[%clk
01:31:46]  [%emt 00:00:34]} 7... Bg7 {[%clk 01:33:05]  [%emt 00:00:25]} 8. Bb5+
{ [%clk 01:31:55]  [%emt 00:00:21]} 8... Bd7 {[%clk 01:29:38]  [%emt 00:03:56]}
9. e5 {[%clk 01:29:13]  [%emt 00:03:13]} 9... Qe7 { [%clk 01:27:51]  [%emt
00:02:16]} 10. Qe2 {[%clk 01:26:43]  [%emt 00:03:01]} 10... Bxb5 {[%clk
01:20:21]  [%emt 00:08:00]} 11. Qxb5+ { [%clk 01:25:36]  [%emt 00:01:37]} 11...
Nbd7 {[%clk 01:15:07]  [%emt 00:05:42]} 12. Nf3 {[%clk 01:21:25]  [%emt
00:04:43]} 12... O-O { [%clk 01:12:16]  [%emt 00:03:21]} 13. O-O {[%clk
01:20:13]  [%emt 00:01:42]} 13... dxe5 {[%clk 01:07:35]  [%emt 00:05:10]} 14.
Re1 { [%clk 01:17:24]  [%emt 00:03:20]} 14... e4 {[%clk 01:01:44]  [%emt
00:06:21]} 15. Ng5 {[%clk 01:12:45]  [%emt 00:05:09]} 15... h6 { [%clk
00:51:24]  [%emt 00:10:49]} 16. Ngxe4 {[%clk 01:09:14]  [%emt 00:04:02]} 16...
Ng4 {[%clk 00:38:36]  [%emt 00:13:17]} 17. h3 { [%clk 00:53:59]  [%emt
00:16:16]} 17... Bd4+ {[%clk 00:38:01]  [%emt 00:01:35]} 18. Kh1 {[%clk
00:53:57]  [%emt 00:00:32]} 18... Nf2+ { [%clk 00:35:07]  [%emt 00:03:24]} 19.
Kh2 {[%clk 00:53:50]  [%emt 00:00:37]} 19... Bxc3 {[%clk 00:33:04]  [%emt
00:02:32]} 20. bxc3 { [%clk 00:52:16]  [%emt 00:02:05]} 20... Nxe4 {[%clk
00:33:27]  [%emt 00:00:07]} 21. Qd3 {[%clk 00:51:59]  [%emt 00:00:47]} 21... f5
{ [%clk 00:33:25]  [%emt 00:00:31]} 22. Bb2 {[%clk 00:51:38]  [%emt 00:00:51]}
22... Qd6 {[%clk 00:32:21]  [%emt 00:01:33]} 23. g3 { [%clk 00:51:42]  [%emt
00:00:28]} 23... c4 {[%clk 00:25:46]  [%emt 00:07:05]} 24. Qxc4 {[%clk
00:51:03]  [%emt 00:01:10]} 24... Nb6 { [%clk 00:25:18]  [%emt 00:00:56]} 25.
Qb3 {[%clk 00:50:23]  [%emt 00:01:11]} 25... Qxd5 {[%clk 00:25:03]  [%emt
00:00:45]} 26. Qxd5+ { [%clk 00:50:10]  [%emt 00:00:43]} 26... Nxd5 {[%clk
00:25:24]  [%emt 00:00:09]} 27. c4 {[%clk 00:50:21]  [%emt 00:00:19]} 27... Nb6
{ [%clk 00:24:43]  [%emt 00:01:09]} 28. Rac1 {[%clk 00:50:40]  [%emt 00:00:12]}
28... Rfd8 {[%clk 00:21:38]  [%emt 00:03:35]} 29. Re2 { [%clk 00:50:40]  [%emt
00:00:31]} 29... Rac8 {[%clk 00:20:19]  [%emt 00:01:48]} 30. Rec2 {[%clk
00:50:38]  [%emt 00:00:32]} 30... Rxc4 { [%clk 00:16:29]  [%emt 00:04:22]} 31.
Be5 {[%clk 00:49:30]  [%emt 00:01:38]} 31... Rxc2+ {[%clk 00:15:46]  [%emt
00:01:12]} 32. Rxc2 { [%clk 00:49:52]  [%emt 00:00:07]} 32... Rd2+ {[%clk
00:15:42]  [%emt 00:00:34]} 33. Rxd2 {[%clk 00:50:08]  [%emt 00:00:15]} 33...
Nxd2 { [%clk 00:16:07]  [%emt 00:00:05]} 34. Kg2 {[%clk 00:50:15]  [%emt
00:00:23]} 34... Nbc4 {[%clk 00:15:49]  [%emt 00:00:47]} 35. Bc3 { [%clk
00:50:25]  [%emt 00:00:20]} 35... Ne3+ {[%clk 00:13:19]  [%emt 00:03:00]} 36.
Kh1 {[%clk 00:50:05]  [%emt 00:00:51]} 36... Ne4 { [%clk 00:12:10]  [%emt
00:01:39]} 37. Be1 {[%clk 00:50:16]  [%emt 00:00:20]} 37... Kf7 {[%clk
00:12:10]  [%emt 00:00:29]} 38. a4 { [%clk 00:50:19]  [%emt 00:00:28]} 38...
Ke6 {[%clk 00:12:07]  [%emt 00:00:32]} 39. Kh2 {[%clk 00:50:22]  [%emt
00:00:27]} 39... Kd5 { [%clk 00:12:14]  [%emt 00:00:22]} 40. h4 {[%clk
00:50:30]  [%emt 00:00:24]} 40... h5 {[%clk 00:12:16]  [%emt 00:00:27]} 41. a5
{ [%clk 00:50:47]  [%emt 00:00:13]} 41... Kc6 {[%clk 00:12:06]  [%emt
00:00:41]} 42. Kh3 {[%clk 00:51:00]  [%emt 00:00:17]} 42... b5 { [%clk
00:11:44]  [%emt 00:00:51]} 43. axb6 {[%clk 00:51:17]  [%emt 00:00:13]} 43...
axb6 {[%clk 00:12:05]  [%emt 00:00:10]} 0-1